| 000 | 00844cam a2200289 a 4500 | ||
|---|---|---|---|
| 999 |
_c8129 _d8129 |
||
| 001 | 2315199 | ||
| 003 | OSt | ||
| 005 | 20230412100145.0 | ||
| 008 | 811005s1981 nyu 001 0 eng | ||
| 010 | _a 81015231 | ||
| 020 |
_a0346125545 : _c$15.50 |
||
| 020 | _a0346125510 (pbk.) | ||
| 040 |
_aDLC _cDLC _dDLC |
||
| 043 | _an-us-az | ||
| 050 | 0 | 0 |
_aRC682 _b.D53 |
| 082 | 0 | 0 |
_a616.1/2 _219 |
| 100 | 1 |
_aDiethrich, Edward B., _d1935- _916596 |
|
| 245 | 1 | 4 |
_aThe heart test / _cEdward B. Diethrich. |
| 260 |
_aNew York : _bCornerstone Library, _cc1981. |
||
| 300 |
_a246 p. ; _c25 cm. |
||
| 500 | _aIncludes index. | ||
| 610 | 2 | 0 |
_aArizona Heart Institute. _916597 |
| 650 | 0 |
_aHeart _xDiseases _xPrevention. _916598 |
|
| 650 | 0 |
_aHeart _xDiseases _xDiagnosis. _93774 |
|
| 906 |
_a7 _bcbc _corignew _d1 _eocip _f19 _gy-gencatlg |
||
| 942 |
_2z _cO_SHELF |
||